| 000 | 00588nam a2200157Ia 4500 | ||
|---|---|---|---|
| 008 | 170224s9999 xx 000 0 und d | ||
| 100 | _aPei Zheng | ||
| 245 | _aMapping the field of communication technology research in Asia: content analysis and text mining of SSCI journal s 1995–2014 Pei Zheng, Xuan Liang, Guanxiong Huang & Xun Liu | ||
| 245 | _cPei Zheng, Xuan Liang, Guanxiong Huang & Xun Liu | ||
| 260 | _bAsian Journal of Communication | ||
| 260 | _c2016 | ||
| 300 | _a26:6, Pages: 511-531 | ||
| 500 | _a2016 | ||
| 650 | _xCommunication Arts | ||
| 650 | _xMultimedia Arts | ||
| 999 |
_c316233 _d316233 |
||